000 00454nam a2200157 i 4500
001 45955
003 ES-MaACL
005 20230906161314.0
007 t|
008 030327s1962 sp ||||1| spa d
100 1 _aConde, Isidro.
_940096
245 1 0 _aVersos con un poco de muerte /
_cIsidro Conde.
260 _a[S.l. :
_bs.n.,
_c1962] (
_eEl Ferrol :
_fImp. Latina)
300 _a78 p. :
_bretr. aut. ;
_c24 cm.
852 _aES-MaACL
_jC-22554
_bR.51304
999 _c45955
_d45955